Pediatría para la enfermería (Registro nro. 25592)

000 -CABECERA
campo de control de longitud fija 00613aam a22002411a 4500
001 - NÚMERO DE CONTROL
campo de control YPZ95758
003 - IDENTIFICADOR DEL NÚMERO DE CONTROL
campo de control YPZ
005 - FECHA Y HORA DE LA ÚLTIMA TRANSACCIÓN
campo de control 20210204100731.0
008 - DATOS DE LONGITUD FIJA--INFORMACIÓN GENERAL
campo de control de longitud fija 120813|###########||||||b||||||||||spa|d
040 ## - FUENTE DE LA CATALOGACIÓN
Centro/agencia transcriptor SIUNPA
041 ## - CÓDIGO DE LENGUA
Código de lengua del texto/banda sonora o título independiente spa
044 ## - CÓDIGO DEL PAÍS DE LA ENTIDAD EDITORA/PRODUCTORA
Código MARC del país ag
080 ## - NÚMERO DE LA CLASIFICACIÓN DECIMAL UNIVERSAL
Número de la Clasificación Decimal Universal 616-053.2 B856p2
100 ## - ENTRADA PRINCIPAL--NOMBRE DE PERSONA
Nombre de persona Brigley, Catherine M..
245 ## - MENCIÓN DE TÍTULO
Título Pediatría para la enfermería
Mención de responsabilidad, etc. / Ramírez de Burejson, Aurelia, tr.
250 ## - MENCIÓN DE EDICIÓN
Mención de edición 2a ed.
260 ## - PUBLICACIÓN, DISTRIBUCIÓN, ETC.
Lugar de publicación, distribución, etc. Buenos Aires
Nombre del editor, distribuidor, etc. : Troquel
Fecha de publicación, distribución, etc. , 1976
300 ## - DESCRIPCIÓN FÍSICA
Extensión 188 p.
Otras características físicas : il.
650 ## - PUNTO DE ACCESO ADICIONAL DE MATERIA--TÉRMINO DE MATERIA
Término de materia o nombre geográfico como elemento de entrada PEDIATRIA
650 ## - PUNTO DE ACCESO ADICIONAL DE MATERIA--TÉRMINO DE MATERIA
Término de materia o nombre geográfico como elemento de entrada SERVICIOS DE ENFERMERIA
650 ## - PUNTO DE ACCESO ADICIONAL DE MATERIA--TÉRMINO DE MATERIA
Término de materia o nombre geográfico como elemento de entrada NIÑOS
942 ## - ELEMENTOS DE PUNTO DE ACCESO ADICIONAL (KOHA)
Tipo de ítem Koha Libros
Fuente del sistema de clasificación o colocación
Existencias
Estado de retiro Estado de pérdida Fuente del sistema de clasificación o colocación Estado dañado No para préstamo Código de colección Localización permanente Ubicación/localización actual Fecha de adquisición Fuente de adquisición Coste, precio normal de compra Número de inventario Total de préstamos Renovaciones totales Signatura topográfica completa Código de barras Fecha visto por última vez Fecha del último préstamo Número de copia Precio válido a partir de Tipo de ítem Koha
          Colección General SIUNPA Biblioteca Académica Malvina Perazo 2012-08-13 Donación 59.00 05-03920 2 7 616-053.2 B856p2 05-03920 2022-11-17 2022-10-11 ej.1 2019-04-03 Libros
          Colección General SIUNPA Biblioteca Académica Malvina Perazo 2012-08-13 Migración UARG 69.00 05-03921 2 1 616-053.2 B856p2 05-03921 2022-09-23 2022-09-16 ej.2 2019-04-03 Libros